Online
Catalog

Memoria con sus correspondientes anexos que al ciudadano presidente de la República. (Record no. 31874)

MARC details
000 -CABECERA
campo de control de longitud fija 00512nam a2200157 a 4500
001 - NÚMERO DE CONTROL
campo de control 000032383
005 - FECHA Y HORA DE LA ÚLTIMA TRANSACCIÓN
campo de control 20200930065619.0
008 - DATOS DE LONGITUD FIJA--INFORMACIÓN GENERAL
campo de control de longitud fija 110715s1907 dr 000 0 spa d
040 ## - FUENTE DE LA CATALOGACIÓN
Centro catalogador/agencia de origen DO-SdBNP
Lengua de catalogación spa
Centro/agencia transcriptor BNPHU
082 ## - NÚMERO DE LA CLASIFICACIÓN DECIMAL DEWEY
Número de clasificación xxxx
Número de documento/Ítem R426m
049 ## - FONDOS LOCALES (OCLC)
Fondos de biblioteca BNGR
110 1# - ENTRADA PRINCIPAL--NOMBRE DE ENTIDAD CORPORATIVA
Nombre de entidad corporativa o nombre de jurisdicción como elemento de entrada República Dominicana.
Unidad subordinada Hacienda y Comercio
9 (RLIN) 58360
245 10 - MENCIÓN DE TÍTULO
Título Memoria con sus correspondientes anexos que al ciudadano presidente de la República.
260 ## - PUBLICACIÓN, DISTRIBUCIÓN, ETC.
Lugar de publicación, distribución, etc. Santo Domingo :
Nombre del editor, distribuidor, etc. Imp. La Cuna de América,
Fecha de publicación, distribución, etc. 1907.
300 ## - DESCRIPCIÓN FÍSICA
Extensión 84 p. ;
Dimensiones 28 cm.
Holdings
Estado de retiro Estado de pérdida No para préstamo Código de colección Localización permanente Ubicación/localización actual Ubicación en estantería Fecha de adquisición Número de inventario Total de préstamos Signatura topográfica completa Código de barras Fecha visto por última vez Precio válido a partir de Tipo de ítem Koha Nota pública
    Excluido de préstamo Patrimonio Dominicano Patrimonio Dominicano Patrimonio Dominicano En catalogación 15.07.2011 LF1   xxxx R426m 32383-10 25.06.2020 25.06.2020 Libro y Folleto Colección Patrimonio Dominicano Perteneció a la biblioteca personal de Julio Ortega Frier

Powered by Koha